Normal view
MARC view
- Supervisor: Dr. Nosherwan Shoaib
Entry Personal Name
001 - CONTROL NUMBER
- control field: 96841
003 - CONTROL NUMBER IDENTIFIER
- control field: NUST
005 - DATE AND TIME OF LATEST TRANSACTION
- control field: 20220811121718.0
008 - FIXED-LENGTH DATA ELEMENTS
- fixed length control field: 220811|| aca||aabn | a|a d
040 ## - CATALOGING SOURCE
- Original cataloging agency: NUST
- Transcribing agency: NUST
100 ## - HEADING--PERSONAL NAME
- Personal name: Supervisor: Dr. Nosherwan Shoaib
670 ## - SOURCE DATA FOUND
- Source citation: Work cat.: (NUST): Sumaid, Muhammad 96839, Reconfigurable Polarization Converter Through Active Metasurface /
